Classic Movie Quotes - Statistics

General Stats
  • This quiz has been taken 37,646 times
  • The average score is 8 of 16
Answer Stats
Quote Year Movie % Correct
There's no place like home 1939 The Wizard of Oz
93%
Hi ho, hi ho. It's off to work we go. 1937 Snow White and the Seven Dwarfs
82%
It's alive!!! 1931 Frankenstein
75%
I'm going to make him an offer he can't refuse 1972 The Godfather
75%
Doe, a deer, a female deer. Ray, a drop of golden sun. 1965 The Sound of Music
73%
Here's looking at you, kid 1942 Casablanca
69%
Frankly, my dear, I don't give a damn 1939 Gone With The Wind
66%
Mrs Robinson, you're trying to seduce me 1967 The Graduate
63%
Oh, no, it wasn't the airplanes. It was beauty killed the beast. 1933 King Kong
52%
Every time a bell rings an angel gets his wings 1946 It's a Wonderful Life
47%
The rain in Spain stays mainly in the plain 1964 My Fair Lady
41%
I coulda been a contenda 1954 On the Waterfront
27%
I have always depended on the kindness of strangers 1951 A Streetcar Named Desire
22%
What we've got here is failure to communicate 1967 Cool Hand Luke
22%
Win just one for the Gipper 1940 Knute Rockne All American
11%
The stuff that dreams are made of 1941 The Maltese Falcon
10%
No matching quizzes found
Score Distribution
Percent of People with Each Score
Percentile by Number Answered
Your Score History
You have not taken this quiz